00434nas a22001697a 4500003000400000005001700004008004100021022001400062022002200076040000800098245006500106260003000171300001700201310001500218650001200233856001900245IIN20251211143323.0251211c2011 |||tr|p |||| 00| 0 eng d a2348-957x a2249-4758 (eISSN) aIIN aJournal of Nursing Science & Practicecedited by Seema Yadav aNoidabSTM Journalsc2011 avol. 1 no. 1 aTri-annual aNursing u10.37591/JoNSP